000 01566nam a2200409 i 4500
001 ELB42940
003 FlNmELB
006 m o d |
007 cr cnu||||||||
008 140428s2013 sp o 001 0 spa d
020 _z9788415834090
020 _a9788415834502 (e-book)
035 _a(MiAaPQ)EBC3218441
035 _a(Au-PeEL)EBL3218441
035 _a(CaPaEBR)ebr10844509
035 _a(OCoLC)992040794
040 _aFINmELB
_bspa
_erda
_cFINmELB
050 4 _aDP66
_bZ17 2013
082 0 _a946
_223
100 1 _aZaderenko, Irene.
245 1 3 _aEl monasterio de Cardeña y el inicio de la épica cidiana /
_cIrene Zaderenko.
264 1 _aAlcalá de Henares :
_bServicio de Publicaciones. Universidad de Alcalá,
_c2013.
300 _a1 recurso en línea (200 páginas)
336 _atexto
_btxt
_2rdacontent/spa
337 _acomputadora
_bc
_2rdamedia/spa
338 _arecurso en línea
_bcr
_2rdacarrier/spa
490 1 _aMonografías humanidades ;
_v45
500 _aContiene índice.
588 _aDescripción basada en recurso en línea; Título de la página del título en PDF (e-libro, visto April 28, 2014).
590 _aRecurso electrónico. Santa Fe, Arg.: e-libro, 2015. Disponible vía World Wide Web. El acceso puede estar limitado para las bibliotecas afiliadas a e-libro.
651 4 _aEspaña
_xHistoria.
651 0 _aSpain
_xHistory.
655 4 _aLibros electrónicos.
797 2 _ae-libro, Corp.
830 0 _aMonografías humanidades ;
_v45.
856 4 0 _uhttps://elibro.net/ereader/usam/42940
999 _c151072
_d151072